000 00589nam a2200241 a 4500
001 nice12345678
003 IN_TiNIC
005 20260116011441.0
008 050524s1908 cala grp 000 0 eng
020 _a
_c100
082 0 0 _a301.0954
_bRIS
100 _aRisley, Herbert
245 _aPeople of India
260 _aCalcutta
_bThacker Spink and Company
_c1908
300 _a289p
500 _aincludes index and biblioraphy
505 2 _aAppendices, Plates
650 _aAnthropology-India
700 1 _aRisley, Herbert
902 _bRBA
942 _cBK
999 _c1649
_d1649